Managerial accounting for business decisions / (Record no. 2700)
[ view plain ]
| 000 -LEADER | |
|---|---|
| fixed length control field | 01495cam a22001574a 4500 |
| 020 ## - INTERNATIONAL STANDARD BOOK NUMBER | |
| ISBN | 0273681559 |
| 050 00 - CALL NUMBER | |
| Classification number | HF5657.4 |
| Item number | .P763 2006 |
| 100 1# - AUTHOR | |
| Personal name | Proctor, Ray. |
| 245 10 - TITLE | |
| Title | Managerial accounting for business decisions / |
| Statement of responsibility, etc | Ray Proctor. |
| 250 ## - EDITION | |
| Edition statement | 2nd ed. |
| 260 ## - PUBLICATION INFORMATION | |
| Place of publication | New York : |
| Name of publisher | Prentice Hall/Financial Times, |
| Year of publication | 2006. |
| 300 ## - DESCRIPTION | |
| Number of Pages | xix, 546 p. : |
| Other physical details | ill. ; |
| Dimensions | 25 cm. |
| 505 ## - FORMATTED CONTENTS NOTE | |
| Table of Content | PART I -- FOUNDATIONS 1. Cost behaviour 2. The difference between profit and cash PART II -- FINANCIAL MANAGEMENT 3. Ratio Analysis and financial management 4. Working Capital Management PART III -- PRODUCT COSTING AND PRICING 5. Product costs using absorption costing 6. Comparison of profits udner absorption and variable costing 7. Product costs using activity-based costing 8. Pricing your products PART IV -- DECISION MAKING 9. Variable costing and breakeven analysis 10. Short-term decisions using variable costing 11. Short-term decisions using relevant costing 12. Capital investment appraisal for long-term decisions 13. Divisional performance and transfer pricing PART V -- BUDGETARY CONTROL 14. Budgets and their creation 15. Using budgets to control operations PART VI - STRATEGY IMPLEMENTATION AND BUSINESS PERFORMANCE 16. Strategic management accounting and performance indicators 17. Business performance management 18. Not-for-profit organisations 19. Current issues in management accounting Glossary Answers to end-of-chapter questions Index |
| 650 #0 - SUBJECTS | |
| Topical Term | Managerial accounting. |
| 942 ## - ADDED ENTRY ELEMENTS (KOHA) | |
| Koha item type | Books |
| Withdrawn status | Lost status | Collection code | Home library | Current library | Shelving location | Date acquired | Full call number | Accession Number | Koha item type |
|---|---|---|---|---|---|---|---|---|---|
| Reference | Methodist University Library Main | Methodist University Library Main | General Stacks | 21/02/2018 | HF5657.4 .P763 2006 | 17657 | Books | ||
| Reference | Methodist University Library Main | Methodist University Library Main | General Stacks | 21/02/2018 | HF5657.4 .P763 2006 | 17658 | Books |